| 000 | 01797nam a22004217a 4500 | ||
|---|---|---|---|
| 003 | CHAP | ||
| 005 | 20220329140929.0 | ||
| 008 | 971013s1963 r 00010 d | ||
| 010 | _a59958 | ||
| 011 | _a60930 | ||
| 035 | _a65094 | ||
| 040 | _cCHAP | ||
| 082 |
_a664.1 _bH83Y |
||
| 100 | 0 | 0 |
_aHugot, E. _956814 |
| 245 | _aManual para ingenieros azucareros | ||
| 260 |
_aMéxico, D. F. : _bContinental, _c1963 |
||
| 300 |
_a803 p. _b: ilus. |
||
| 590 |
_aBATCH-UPD _b10 _c20130110 _lUCH01 _h0045 |
||
| 590 |
_aBATCH-UPD _b10 _c20130110 _lUCH01 _h0829 |
||
| 590 |
_aBATCH-UPD _b10 _c20130409 _lUCH01 _h2031 |
||
| 590 |
_aBATCH-UPD _b10 _c20130914 _lUCH01 _h0510 |
||
| 590 |
_aCONVERSION _b10 _c20130109 _lUCH01 _h1332 |
||
| 650 | 1 | 4 |
_aAzúcar _xFabricación y refinación. _99152 |
| 901 | _aBK | ||
| 942 | _cLIBRO | ||
| 949 |
_a664.1 H83Y _bBC _cLIBRO _d33724000115663 _eLIBRO _h26198 _i65094 _si |
||
| 949 |
_a664.1 H83Y _bBC _cLIBRO _d33724000115671 _eLIBRO _fc.2 _h25271 _i65094 _si |
||
| 949 |
_a664.1 H83Y _bBC _cLIBRO _d33724000115689 _eLIBRO _fc.3 _h28002 _i65094 _si |
||
| 949 |
_a664.1 H83Y _bBC _cLIBRO _d33724000115697 _eLIBRO _fc.4 _h25272 _i65094 _si |
||
| 949 |
_a664.1 H83Y _bBC _cLIBRO _d33724000115705 _eLIBRO _fc.6 _h35285 _i65094 _si |
||
| 949 |
_a664.1 H83Y _bBC _cLIBRO _d33724000115713 _eLIBRO _fc.7 _h35286 _i65094 _si |
||
| 949 |
_a664.1 H83Y _bBC _cLIBRO _d33724000115721 _eLIBRO _fc.8 _h35287 _i65094 _si |
||
| 949 |
_a664.1 H83Y _bBC _cLIBRO _d33724000115739 _eLIBRO _fc.9 _h35288 _i65094 _si |
||
| 949 |
_a664.1 H83Y _bBC _cLIBRO _d33724000115747 _eLIBRO _fc.12 _h85225 _i65094 _si |
||
| 949 |
_a664.1 H83Y _bBC _cLIBRO _d33724000115754 _eLIBRO _fc.10 _h77249 _i65094 _si |
||
| 949 |
_a664.1 H83Y _bBC _cLIBRO _d33724000115762 _eLIBRO _fc.11 _h77250 _i65094 _si |
||
| 949 |
_a664.1 H83Y _bBC _cLIBRO _d33724000913851 _eLIBRO _fc.5 _h35284 _i65094 _sb |
||
| 999 |
_c59958 _d59958 |
||